000 00424nam a2200133Ia 4500
008 100328s9999 xx 000 0 und d
082 _b38392
100 _aपाटेकर श्रीकांत
245 _aब्लॅक टायगर
260 _bडायमंड पॉकेट बुक्स
630 _aब्लॅक टायगर
730 _aब्लॅक टायगर
942 _cBOOK
999 _c527589
_d527586